Manual de Direito Processual Penal Angolano - Em armonia com o novo Código de Processo Penal (Record no. 2165)
[ view plain ]
| 000 -Etiqueta do registo | |
|---|---|
| Campo de controlo de comprimento fixo | 00596 a2200205 4500 |
| 040 ## - Fonte de Catalogação | |
| Agência de catalogação | Biblioteca de Posgraduação- Universidade Lusíada de Angola |
| 082 ## - DEWEY DECIMAL CLASSIFICATION NUMBER | |
| Classificador- CDU | 343/SAM/M |
| Prateleira/Colocação | 3 |
| 100 ## - Nome Pessoal | |
| 9 (RLIN) | 988 |
| Autor | SAMBO, José Ambrósio Eduardo |
| 245 ## - Declaração de Título | |
| Título | Manual de Direito Processual Penal Angolano - Em armonia com o novo Código de Processo Penal |
| 250 ## - Indicação da edição | |
| Edição | 1ª Edição |
| 260 ## - Publicação e Destribuíção | |
| Local de edição/distribuição | Luanda Angola |
| Data de edição/distribuição | Novembro de 2024 |
| 300 ## - Descrição Física | |
| Nº Pág. | 362p. |
| 440 ## - Informação da série - Título | |
| Indicação do volume | Volume II |
| 600 #0 - Nome pessoal | |
| Autor | SAMBO, José Ambrósio Eduardo |
| 650 ## - MATERIA | |
| MATERIA | Direito |
| 650 ## - MATERIA | |
| MATERIA | Direito Penal |
| 700 ## - Entrada secundária - Nome pessoal | |
| Autor | José Ambrósio EDuardo Sambo |
| 942 ## - - Elementos de entrada adicionados (koha) | |
| Tipo de documento | Livros |
| Withdrawn status | Lost status | Source of classification or shelving scheme | Damaged status | Not for loan | Permanent Location | Current Location | Date acquired | Total Checkouts | Full call number | Date last seen | Price effective from | Koha item type |
|---|---|---|---|---|---|---|---|---|---|---|---|---|
| Dewey Decimal Classification | Biblioteca de Posgraduação- Universidade Lusíada de Angola | Biblioteca de Posgraduação- Universidade Lusíada de Angola | 02/02/2026 | 343/SAM/M | 02/02/2026 | 02/02/2026 | Livros | |||||
| Dewey Decimal Classification | Biblioteca de Posgraduação- Universidade Lusíada de Angola | Biblioteca de Posgraduação- Universidade Lusíada de Angola | 02/02/2026 | 343/SAM/M | 02/02/2026 | 02/02/2026 | Livros |
